Poemes / (Record no. 150033)

MARC details
000 -LEADER
campo de control de longitud fija 00493nam a2200169 i 4500
001 - NÚMERO DE CONTROL
campo de control 150033
003 - IDENTIFICADOR DE NÚMERO DE CONTROL
campo de control ES-MaACL
005 - FECHA Y HORA DE LA ÚLTIMA TRANSACCIÓN
campo de control 20230906203342.0
007 - CAMPO FIJO DE DESCRIPCIÓN FÍSICA--INFORMACIÓN GENERAL
campo de control de longitud fija t|
008 - DATOS DE LONGITUD FIJA--INFORMACIÓN GENERAL
campo de control de longitud fija 071025s1968 sp ||||1| cat d
100 1# - ENTRADA PRINCIPAL--NOMBRE DE PERSONA
Nombre de persona Vallverdú i Torrents, Maria Dolors.
9 (RLIN) 112969
245 10 - MENCIÓN DEL TÍTULO
Título Poemes /
Mención de responsabilidad, etc. Mª Dolors Vallverdú i Torrents.
260 ## - PUBLICACIÓN, DISTRIBUCIÓN, ETC.
Lugar de publicación, distribución, etc. Reus :
Nombre del editor, distribuidor, etc. [M. D. Vallverdú],
Fecha de publicación, distribución, etc. 1968.
300 ## - DESCRIPCIÓN FÍSICA
Extensión 26 h. ;
Dimensiones 22 cm.
852 ## - LOCALIZACIÓN
Ubicación ES-MaACL
Número de control de estantería 2070-F-9
Sublocalización o colección R.71614
852 ## - LOCALIZACIÓN
Ubicación ES-MaACL
Número de control de estantería 2067-F-17
Sublocalización o colección R.68670
Holdings
Estatus retirado Estado de pérdida Estado de daño No para préstamo Colección Biblioteca de origen Biblioteca actual Ubicación en estantería Fecha de adquisición Fuente de adquisición Total de préstamos Signatura topográfica completa Código de barras Visto por última vez Precio de reemplazo Tipo de ítem Koha
        Colección de folletos Biblioteca del Ateneo de Madrid Biblioteca del Ateneo de Madrid Depósito folletos 17/01/2008     2067-F-17 1156557 23/02/2023 23/02/2023 Folleto
        Colección de folletos Biblioteca del Ateneo de Madrid Biblioteca del Ateneo de Madrid Depósito folletos 17/01/2008     2070-F-9 1156556 23/02/2023 23/02/2023 Folleto